Statistics for Largest Stars

Click here to take the quiz!

General Stats

  • This quiz has been taken 19 times
    (18 since last reset)
  • The average score is 2 of 14

Answer Stats

Solar Radii (Sun=1)Answer% Correct
1,708UY Scuti
85%
1,420VY Canis Majoris
62%
1,650NML Cygni
15%
1,540WOH G64
15%
1,420KY Cygni
8%
1,307PZ Cassiopeiae
8%
1,435RW Cephei
8%
1,480VV Cephei A
8%
1,520VX Sagittarii
8%
1,530Westerlund 1-26
8%
1,411AHH Scorpii
0%
1,316HR 5171 A
0%
1,200IRC-10414
0%
1,235KW Sagittarii
0%

Score Distribution

Percentile by Number Answered

Percent of People with Each Score

Your Score History

You have not taken this quiz since the last reset